Надежность и диагностика релейной защиты энергосистем: учебник

Dades bibliogràfiques
Autor principal: Шалин А. И. Алексей Иванович
Sumari:В учебном пособии показана роль случайности и неопределенности в работе релейной защиты энергосистем и проведен анализ основных особенностей защиты с точки зрения надежности. Разработана модель функционирования, позволяющая оценивать надежность устройств защиты, выполненных как на традиционных электромеханических реле, так и на современной микроэлементной и микропроцессорной базе. Приведены основные показатели надежности. Показаны пути и приемы оптимизации надежности. Учебное пособие предназначено для студентов очной и заочной форм обучения специальности 240100. Оно обобщает и расширяет результаты исследований, описанных в малодоступных для студентов изданиях. Большая часть материала представляет собой результаты научной работы автора. Издание может представлять интерес также для специалистов, занятых разработкой, проектированием и эксплуатацией релейной защиты энергосистем.
Idioma:rus
Publicat: Новосибирск, Изд-во НГТУ, 2003
Col·lecció:Учебники НГТУ
Федеральная целевая программа "Культура России" (подпрограмма "Поддержка полиграфии и книгоиздания России")
Matèries:
Format: Llibre
KOHA link:https://koha.lib.tpu.ru/cgi-bin/koha/opac-detail.pl?biblionumber=113551

MARC

LEADER 00000nam0a2200000 4500
001 113551
005 20231101215132.0
010 |a 5778204299 
035 |a (RuTPU)RU\TPU\book\122810 
035 |a RU\TPU\book\62561 
090 |a 113551 
100 |a 20070412d2003 m y0rusy50 ca 
101 0 |a rus 
102 |a RU 
105 |a a j 001zy 
200 1 |a Надежность и диагностика релейной защиты энергосистем  |e учебник  |f А. И. Шалин 
210 |a Новосибирск  |c Изд-во НГТУ  |d 2003 
215 |a 384 с.  |c ил. 
225 1 |a Учебники НГТУ 
225 1 |a Федеральная целевая программа "Культура России" (подпрограмма "Поддержка полиграфии и книгоиздания России") 
320 |a Библиогр.: с. 372-381. 
330 |a В учебном пособии показана роль случайности и неопределенности в работе релейной защиты энергосистем и проведен анализ основных особенностей защиты с точки зрения надежности. Разработана модель функционирования, позволяющая оценивать надежность устройств защиты, выполненных как на традиционных электромеханических реле, так и на современной микроэлементной и микропроцессорной базе. Приведены основные показатели надежности. Показаны пути и приемы оптимизации надежности. Учебное пособие предназначено для студентов очной и заочной форм обучения специальности 240100. Оно обобщает и расширяет результаты исследований, описанных в малодоступных для студентов изданиях. Большая часть материала представляет собой результаты научной работы автора. Издание может представлять интерес также для специалистов, занятых разработкой, проектированием и эксплуатацией релейной защиты энергосистем. 
451 1 |0 (RuTPU)RU\TPU\book\62561  |y 5-7782-0374-8  |t Надежность и диагностика релейной защиты энергосистем  |o учебник  |f А. И. Шалин  |c Новосибирск  |n Изд-во НГТУ  |d 2002  |p 384 с.  |s Учебники НГТУ  |a Шалин, Алексей Иванович 
606 |a Энергетические системы  |x Релейная защита  |2 stltpush  |3 (RuTPU)RU\TPU\subj\21277  |9 46296 
610 1 |a релейная защита 
610 1 |a надежность 
610 1 |a функционирование 
610 1 |a расчет 
610 1 |a диагностика 
610 1 |a цепи Маркова 
610 1 |a формальное описание 
610 1 |a учебные пособия 
675 |a 621.316.925(075.8)  |v 3 
700 1 |a Шалин  |b А. И.  |g Алексей Иванович 
801 1 |a RU  |b 63413507  |c 20031222  |g PSBO 
801 2 |a RU  |b 63413507  |c 20191112  |g PSBO 
900 |a Надежность энергосистем 
900 |a Вероятностно-статистические методы решения задач электроэнергетики 
942 |c BK